000 00557nam a2200181Ia 4500
003 IN-BaIIA
008 211028s9999 xx 000 0 eng d
040 _cIIA Library
080 _a621.38
_bMOS
110 _aNational Semiconductor
_99688
245 0 _aDatabook MOS/LSI
_cNational Semiconductor
260 _aCalifornia
_bNational Semiconductor Corporation
_c1977
300 _a[various pagings.]
650 _aMetal oxide semiconductors
_99665
650 _aNASA thesaurus
650 _aSemiconductors
942 _cBK
999 _c5578
_d5578